000 00563nam a2200217 a 4500
999 _c1733
_d1733
001 1733
003 BD-JhCC
005 20171029102815.0
008 171023s1968 wau |||| |||| 000 0 eng d
035 _a(BD-JhCC)1733
040 _aBD-JhCC
_dBD-JhCC
041 _aeng
082 _a301.2
_bRIB 1968
100 _aRibriro, Darcy
245 _aThe Civilizational Process /
_cDarcy Ribeiro
260 _aNew Yourk :
_bSmithsonian Institution Press ;
_c1968
300 _a197 p. ;
_c24 cm
650 _aCivilization
650 _aSocial evolution
942 _2ddc
_cBK